[Event "European Youth Chess Championship B14"]
[Site "Prague, Top Hotel Prague"]
[Date "2012.08.24"]
[Round "8.27"]
[White "Vetrov, Gleb"]
[Black "Radulescu, Vlad-Alexandru"]
[Result "1-0"]
[WhiteElo "2043"]
[BlackElo "1830"]
[PlyCount "99"]
[EventDate "2012.08.17"]

1. d4 d5 2. c4 e6 3. Nc3 Nf6 4. Bg5 Be7 5. cxd5 exd5 6. e3 O-O 7. Bd3 b6 8. Rc1
c5 9. dxc5 bxc5 10. Bxf6 Bxf6 11. Nxd5 Bb7 12. Be4 Qa5+ 13. b4 Qa6 14. Qf3 Bxd5
15. Bxd5 Nd7 16. Bxa8 Ne5 17. Qe2 Nd3+ 18. Kf1 Rxa8 19. bxc5 Qa3 20. Rb1 Nxc5
21. Qc4 Rd8 22. Nf3 h6 23. g3 Qd3+ 24. Qxd3 Rxd3 25. Rb5 Ne4 26. Ra5 Rd7 27.
Kg2 g5 28. g4 Bd8 29. Ra4 Nc3 30. Rc4 Bf6 31. Rc1 Nd5 32. Nd4 Kh7 33. Nf5 Bd8
34. Rc6 Nf6 35. Kf3 Rd2 36. a4 Kg6 37. R1c4 h5 38. h3 hxg4+ 39. hxg4 Bb6 40.
Ne7+ Kg7 41. Nc8 Rb2 42. Nxb6 axb6 43. Rd4 b5 44. a5 b4 45. Rc5 Kg6 46. Rd6 b3
47. Rf5 Ra2 48. Rdxf6+ Kg7 49. Rxf7+ Kg8 50. Rb7 1-0

[Event "European Youth Chess Championship B14"]
[Site "Prague, Top Hotel Prague"]
[Date "2012.08.24"]
[Round "8.28"]
[White "Portela Peleteiro, Alberto"]
[Black "Percivaldi, Martin"]
[Result "0-1"]
[WhiteElo "1953"]
[BlackElo "2024"]
[PlyCount "100"]
[EventDate "2012.08.17"]

1. e4 e6 2. d4 d5 3. e5 c5 4. c3 Qb6 5. Nf3 Nc6 6. Bd3 cxd4 7. cxd4 Bd7 8. Nc3
Nxd4 9. Nxd4 Qxd4 10. O-O a6 11. Qe2 Qb6 12. Kh1 Bc5 13. Qg4 g6 14. f4 Ne7 15.
Rb1 Be3 16. Qg5 Rc8 17. Qf6 Rg8 18. Bxe3 Qxe3 19. Rf3 Qc5 20. h3 b5 21. Kh2 Nc6
22. Rc1 Qe7 23. Qxe7+ Kxe7 24. Rff1 Rb8 25. Ne2 Rgc8 26. a3 Na5 27. Nd4 Nc4 28.
Rf2 Rb7 29. Rfc2 Kd8 30. Kg3 Rbc7 31. Bxc4 Rxc4 32. Rxc4 Rxc4 33. Rxc4 dxc4 34.
Kf2 Kc7 35. Ke3 Kb6 36. g3 Kc5 37. Nc2 a5 38. h4 h5 39. Nd4 Bc6 40. Nc2 Bd5 41.
Nd4 b4 42. axb4+ axb4 43. Nc2 c3 44. bxc3 b3 45. Na3 b2 46. Kd3 Bb3 47. Nb1 Kb5
48. Nd2 Ka4 49. c4 Ka3 50. c5 Bd5 0-1

[Event "European Youth Chess Championship B14"]
[Site "Prague, Top Hotel Prague"]
[Date "2012.08.24"]
[Round "8.30"]
[White "Tuerlinckx, Ben"]
[Black "Msellek, Ilyass"]
[Result "1/2-1/2"]
[WhiteElo "1938"]
[BlackElo "2173"]
[PlyCount "80"]
[EventDate "2012.08.17"]

1. d4 Nf6 2. Nf3 g6 3. Bg5 Bg7 4. Nbd2 d5 5. e3 O-O 6. Bd3 Nbd7 7. O-O c5 8. c3
b6 9. b4 cxd4 10. cxd4 Ne8 11. Bh4 Bb7 12. a4 a6 13. Nb3 Nd6 14. a5 b5 15. Rc1
Nc4 16. Be2 Rc8 17. Ne1 Nb2 18. Qd2 Rxc1 19. Qxc1 Nc4 20. Nd3 Bc8 21. Nbc5 Nxc5
22. Nxc5 h6 23. Bf3 f5 24. Bg3 e6 25. Be2 Rf7 26. Qc3 Bf8 27. Rd1 Qe8 28. Bxc4
bxc4 29. Be5 Qb5 30. Rb1 Be7 31. Qa3 Bd7 32. Qc3 Rf8 33. h3 Rc8 34. Rb2 Kf7 35.
g3 Be8 36. Kh2 Ra8 37. Rb1 Bd8 38. Rb2 Qc6 39. f4 Qc8 40. Rg2 Kg8 1/2-1/2

[Event "European Youth Chess Championship B14"]
[Site "Prague, Top Hotel Prague"]
[Date "2012.08.24"]
[Round "8.31"]
[White "Gerlagh, Joris"]
[Black "Mamedov, Elmin"]
[Result "0-1"]
[WhiteElo "1930"]
[BlackElo "2105"]
[PlyCount "86"]
[EventDate "2012.08.17"]

1. e4 c5 2. Nc3 e6 3. g3 d5 4. d3 Nc6 5. Bg2 d4 6. Nce2 Be7 7. f4 Nf6 8. Nf3
O-O 9. O-O b5 10. h3 Qb6 11. g4 c4 12. Kh1 Ba6 13. f5 b4 14. g5 Nh5 15. Ne1 Ne5
16. Rg1 exf5 17. exf5 Rad8 18. Be4 g6 19. Nf4 Nxf4 20. Bxf4 gxf5 21. Bxe5 fxe4
22. dxe4 Bb7 23. Qg4 Qg6 24. Ng2 Qxe4 25. Qxe4 Bxe4 26. Rae1 Bc6 27. Bxd4 Rxd4
28. Rxe7 Rd2 29. Rxa7 Re8 30. Rc7 Bd5 31. Rc5 Bf3 32. Rf5 Be4 33. Rc5 Rxc2 34.
Kh2 Rd8 35. Re5 Ba8 36. Kg3 Bxg2 37. Rxg2 Rxg2+ 38. Kxg2 Rd2+ 39. Kg3 Rxb2 40.
Rc5 c3 41. h4 Rxa2 42. h5 Ra8 43. Kf3 Rb8 0-1

[Event "European Youth Chess Championship B14"]
[Site "Prague, Top Hotel Prague"]
[Date "2012.08.24"]
[Round "8.32"]
[White "Rajkovic, Mladen"]
[Black "Afanaskin, Igor"]
[Result "0-1"]
[WhiteElo "1926"]
[BlackElo "2029"]
[PlyCount "123"]
[EventDate "2012.08.17"]

1. e4 g6 2. d4 d6 3. Nf3 Bg7 4. Bd3 Nf6 5. O-O O-O 6. Re1 Nc6 7. c3 e5 8. dxe5
dxe5 9. Bg5 Qe8 10. Qd2 a6 11. Bh6 Bg4 12. Bxg7 Kxg7 13. Qe3 Bxf3 14. Qxf3 Rd8
15. Na3 Qe7 16. Rad1 Rd7 17. Bc2 Rfd8 18. Rxd7 Rxd7 19. Rd1 Rxd1+ 20. Qxd1 Qc5
21. Bd3 b5 22. Nc2 a5 23. a3 b4 24. axb4 axb4 25. Qd2 bxc3 26. Qxc3 Qxc3 27.
bxc3 Kf8 28. Kf1 Na5 29. Nb4 Nb3 30. f3 Nc5 31. Bc2 Ke8 32. Nc6 Nfd7 33. g3 f6
34. Ke2 Nb6 35. f4 Kd7 36. Nb4 Kd6 37. h4 h6 38. Nd5 Nxd5 39. exd5 exf4 40.
gxf4 g5 41. fxg5 fxg5 42. hxg5 hxg5 43. c4 Ke5 44. Ke3 Nd7 45. Bd1 Nf6 46. Bf3
g4 47. Be2 g3 48. Kf3 Ne4 49. Bd3 Nd2+ 50. Kxg3 Kd4 51. Kf4 Kxd3 52. c5 Nc4 53.
d6 Nxd6 54. Ke5 Ne8 55. Kd5 Kc3 56. c6 Kb4 57. Ke6 Kb5 58. Kd7 Kb6 59. Kxe8
Kxc6 60. Kf7 Kd5 61. Kf6 c5 62. Kf5 0-1

[Event "European Youth Chess Championship B14"]
[Site "Prague, Top Hotel Prague"]
[Date "2012.08.24"]
[Round "8.33"]
[White "Chekletsov, Ilya"]
[Black "Voloshin, Pavel"]
[Result "0-1"]
[WhiteElo "2018"]
[BlackElo "1922"]
[PlyCount "86"]
[EventDate "2012.08.17"]

1. d4 e6 2. c4 c5 3. d5 exd5 4. cxd5 d6 5. Nf3 g6 6. Nc3 Bg7 7. Bf4 Nf6 8. Qa4+
Bd7 9. Qb3 b5 10. Bxd6 Qb6 11. Be5 c4 12. Qd1 O-O 13. e3 b4 14. Nb1 Bb5 15. Qd4
Nbd7 16. Qxb6 Nxb6 17. Nbd2 Nfxd5 18. Rc1 Rac8 19. Bxg7 Kxg7 20. Nd4 a6 21. Ne4
Rfd8 22. Be2 Nf4 23. Nxb5 Nxe2 24. Kxe2 axb5 25. Rhd1 Na4 26. b3 Rxd1 27. Kxd1
Nc5 28. Nxc5 Rxc5 29. Ke2 cxb3 30. Rxc5 b2 31. Rxb5 b1=Q 32. Ra5 Qg1 33. g3 Qb1
34. Kf3 Qd1+ 35. Kg2 Kf8 36. h4 h5 37. Ra7 Qd5+ 38. Kg1 Qc5 39. Rd7 Qc1+ 40.
Kh2 Qb2 41. Rb7 Qxf2+ 42. Kh3 Qg1 43. Rb8+ Kg7 0-1

[Event "European Youth Chess Championship B14"]
[Site "Prague, Top Hotel Prague"]
[Date "2012.08.24"]
[Round "8.34"]
[White "Malhotra, Tarun"]
[Black "Nikolovski, Nikola"]
[Result "0-1"]
[WhiteElo "2005"]
[BlackElo "1917"]
[PlyCount "96"]
[EventDate "2012.08.17"]

1. e4 c5 2. a3 e6 3. b4 cxb4 4. axb4 Bxb4 5. Bb2 Nf6 6. e5 Nd5 7. Qg4 O-O 8.
Bd3 Nc6 9. Qe4 g6 10. c4 f5 11. Qf3 Nde7 12. Qe2 d6 13. Nf3 dxe5 14. Nxe5 Bd6
15. f4 Nxe5 16. fxe5 Bc5 17. h4 Bd4 18. Bxd4 Qxd4 19. Nc3 Nc6 20. Qe3 Qxe3+ 21.
dxe3 Nxe5 22. Be2 Bd7 23. Nb5 a6 24. Nd4 Rfc8 25. Rc1 Rc7 26. Kf2 Rac8 27. Rb1
Nf7 28. Rb6 e5 29. Nb3 Bc6 30. Rb1 Rd7 31. Rb2 Nd8 32. Nc5 Rd6 33. Nd3 e4 34.
Nb4 Kg7 35. Nd5 Rd7 36. Nb4 h6 37. g3 Kf6 38. Nd5+ Ke5 39. Nf4 g5 40. hxg5 hxg5
41. Nh3 Ne6 42. Ra2 Rh8 43. Ra5+ Kf6 44. Ng1 Rh2+ 45. Ke1 Rg2 46. Kf1 Rxg3 47.
Rb3 f4 48. Kf2 Rh7 0-1

[Event "European Youth Chess Championship B14"]
[Site "Prague, Top Hotel Prague"]
[Date "2012.08.24"]
[Round "8.35"]
[White "Miculka, David"]
[Black "Musiienko, Danylo"]
[Result "0-1"]
[WhiteElo "1915"]
[BlackElo "2004"]
[PlyCount "98"]
[EventDate "2012.08.17"]

1. e4 c5 2. Nf3 Nc6 3. d4 cxd4 4. Nxd4 g6 5. Nc3 Bg7 6. Nde2 Nf6 7. g3 O-O 8.
Bg2 d6 9. O-O Be6 10. h3 Qa5 11. Bd2 Bc4 12. Re1 Bxe2 13. Qxe2 Nd4 14. Qd3 Nd7
15. Nd5 Qd8 16. Bc3 Ne5 17. Qd1 Nb5 18. Bxe5 Bxe5 19. c4 Nd4 20. f4 Bg7 21. Qd2
e6 22. Ne3 Qb6 23. Kh2 Rac8 24. Rad1 Rfd8 25. b3 a5 26. f5 Qb4 27. Rf1 Qxd2 28.
Rxd2 Nc6 29. f6 Bh6 30. Re1 e5 31. Rd5 Bxe3 32. Rxe3 Ra8 33. a3 Nd4 34. c5 dxc5
35. Rxc5 Re8 36. Rec3 b6 37. Rd5 Ra7 38. Rd6 Nb5 39. Rcc6 Nxd6 40. Rxd6 Rb7 41.
Bf1 h6 42. h4 Re6 43. Rd8+ Kh7 44. Bc4 Rxf6 45. Re8 b5 46. Bd5 Rc7 47. Rxe5
Rf2+ 48. Kh3 h5 49. Re8 Rcc2 0-1

[Event "European Youth Chess Championship B14"]
[Site "Prague, Top Hotel Prague"]
[Date "2012.08.24"]
[Round "8.36"]
[White "Petr, Jan"]
[Black "Aleksanyan, Hrant"]
[Result "1-0"]
[WhiteElo "2001"]
[BlackElo "1898"]
[Annotator ",Microsoft"]
[PlyCount "119"]
[EventDate "2012.08.17"]

1. e4 e5 2. Nf3 Nc6 3. Bb5 a6 4. Ba4 Nf6 5. O-O Be7 6. Re1 b5 7. Bb3 d6 8. c3
O-O 9. d4 Bg4 10. d5 Na5 11. Bc2 c6 12. h3 Bc8 13. dxc6 Qc7 14. Nbd2 Qxc6 15.
Nf1 Be6 16. Ng3 g6 17. a4 Rfc8 18. Ng5 Bc4 19. Bd2 bxa4 20. Bxa4 Qc7 21. b3 Bb5
22. Nf3 Rcb8 23. c4 Bxa4 24. Bxa5 Qxa5 25. Rxa4 Qb6 26. Nd2 Nd7 27. Ra1 Nc5 28.
Rb1 Qb4 29. Ngf1 a5 30. g3 Qb7 31. h4 Ra6 32. Ne3 Bf8 33. Nd5 Bh6 34. f4 exf4
35. gxf4 Ne6 36. Qg4 Qa7+ 37. Kg2 Qd4 38. Nf3 Qd3 39. f5 Nd4 40. Nxd4 Qxd4 41.
fxg6 hxg6 42. Rf1 Ra7 43. h5 Qd2+ $11 44. Kh1 Kg7 45. hxg6 Rh8 46. Nf6 Bf4+ 47.
Nh5+ Rxh5+ 48. Qxh5 fxg6 49. Rg1 g5 50. Qh3 Ra8 51. Rg2 Qd4 52. Qd7+ Kg6 53.
Qf5+ Kg7 54. Rxg5+ Bxg5 55. Qxg5+ Kf7 56. Rf1+ Ke6 57. Qf5+ Ke7 58. Qh7+ Ke6
59. Qf7+ Ke5 60. Qf5# 1-0

[Event "European Youth Chess Championship B14"]
[Site "Prague, Top Hotel Prague"]
[Date "2012.08.24"]
[Round "8.37"]
[White "Lopatik, Nikita"]
[Black "Kovalev, Egor"]
[Result "0-1"]
[WhiteElo "1869"]
[BlackElo "1992"]
[PlyCount "108"]
[EventDate "2012.08.17"]

1. e4 Nc6 2. Nf3 d5 3. exd5 Qxd5 4. Nc3 Qa5 5. h3 Nf6 6. Bc4 Bf5 7. d3 e6 8.
O-O O-O-O 9. Re1 Bb4 10. Bd2 Nd5 11. Bxd5 exd5 12. a3 Bf8 13. b4 Qb6 14. b5 Nb8
15. a4 g5 16. a5 Qg6 17. Ne5 Qg7 18. d4 f6 19. Nd3 h5 20. a6 b6 21. Ne2 Qg6 22.
Be3 h4 23. f3 Bd6 24. Nb2 Bxc2 25. Qd2 Rhe8 26. Rac1 Bf5 27. Na4 Nd7 28. Qc3
Re6 29. Qb3 Nf8 30. Nxb6+ axb6 31. a7 Kd7 32. Qxd5 Be4 33. fxe4 Qxe4 34. Qxe4
Rxe4 35. Nc3 Re6 36. Bf2 Ra8 37. Ne4 Rxa7 38. d5 Re7 39. Nxf6+ Kd8 40. Ne4 Bf4
41. Rcd1 Ra4 42. Rd4 Rxd4 43. Bxd4 Nh7 44. Kf1 Rd7 45. Rd1 Kc8 46. d6 Kb7 47.
dxc7 Be5 48. Rc1 Bxc7 49. Rc4 Rd5 50. Nc3 Rf5+ 51. Ke2 Nf6 52. Rc6 Nd7 53. Re6
Nc5 54. Rf6 Nb3 0-1

[Event "European Youth Chess Championship B14"]
[Site "Prague, Top Hotel Prague"]
[Date "2012.08.24"]
[Round "8.38"]
[White "Petrov, Vladimir Sergeev"]
[Black "Sirosh, Ilja"]
[Result "0-1"]
[WhiteElo "1991"]
[BlackElo "1889"]
[PlyCount "66"]
[EventDate "2012.08.17"]

1. e4 c5 2. Nc3 Nc6 3. f4 e6 4. Nf3 d5 5. d3 Nge7 6. g3 g6 7. Bg2 Bg7 8. O-O
O-O 9. Qe1 Nd4 10. Nxd4 cxd4 11. Ne2 dxe4 12. dxe4 Qb6 13. Kh1 Bd7 14. g4 Rac8
15. Qh4 Rfe8 16. Ng3 f5 17. exf5 exf5 18. Re1 Bf6 19. g5 Bg7 20. Re2 Bb5 21.
Rd2 Qe6 22. Nf1 Nd5 23. b3 Bxf1 24. Bxf1 Qe4+ 25. Kg1 d3 26. Bg2 Bd4+ 27. Rf2
Qe1+ 28. Bf1 Bxa1 29. Bd2 Qe6 30. Rf3 dxc2 31. Rh3 Re7 32. Bc4 Bd4+ 33. Kf1
Rxc4 0-1

[Event "European Youth Chess Championship B14"]
[Site "Prague, Top Hotel Prague"]
[Date "2012.08.24"]
[Round "8.39"]
[White "Utnasanov, Adyan"]
[Black "Abramciuc, Marius"]
[Result "0-1"]
[WhiteElo "1882"]
[BlackElo "1990"]
[PlyCount "66"]
[EventDate "2012.08.17"]

1. d4 c5 2. e3 cxd4 3. exd4 d5 4. Nf3 Bf5 5. Bd3 Bg6 6. O-O e6 7. c4 Nf6 8.
cxd5 Bxd3 9. Qxd3 Nxd5 10. Nc3 a6 11. Bg5 Be7 12. Bxe7 Nxe7 13. Rfe1 O-O 14.
Ne4 Nd7 15. Rac1 Nd5 16. a3 N7f6 17. Nc5 Qe7 18. h3 Ne8 19. Qb3 Nef6 20. Ne5 b6
21. Na4 Nd7 22. Nf3 Qd6 23. Nc3 N7f6 24. Nxd5 Nxd5 25. Ne5 Rac8 26. Qf3 Rc7 27.
Nc4 Qd7 28. Ne3 Rxc1 29. Rxc1 Rc8 30. Rxc8+ Qxc8 31. Nxd5 exd5 32. g3 Qe6 33.
Qf4 g6 0-1

[Event "European Youth Chess Championship B14"]
[Site "Prague, Top Hotel Prague"]
[Date "2012.08.24"]
[Round "8.40"]
[White "Murphy, Conor E"]
[Black "Bulgurlu, Okan"]
[Result "1/2-1/2"]
[WhiteElo "1976"]
[BlackElo "1839"]
[Annotator ",Microsoft"]
[PlyCount "81"]
[EventDate "2012.08.17"]

1. Nf3 Nf6 2. g3 d5 3. Bg2 h6 4. c4 c6 5. O-O Bf5 6. b3 e6 7. Bb2 Nbd7 8. d4
Be7 9. Nbd2 O-O 10. Ne1 c5 11. cxd5 exd5 12. Nef3 Qb6 13. dxc5 Bxc5 14. Nb1
Bxb1 15. Rxb1 Qa6 16. a3 Rfe8 17. b4 Bd6 18. e3 Ne5 19. Nxe5 Bxe5 20. Qb3 Rad8
21. Rfd1 Qe6 22. Bd4 Bxd4 23. Rxd4 Rd7 24. Rbd1 Red8 25. a4 Kf8 26. a5 Qc6 27.
Qa3 Kg8 28. Rc1 Qe6 29. b5 Ne4 30. Bxe4 dxe4 31. Rxd7 Rxd7 32. Qc5 Kh7 33. Qxa7
Qf5 34. a6 Qxb5 35. axb7 Rxb7 36. Qd4 Qf5 37. Qc3 Qf3 38. Qc2 Rd7 39. Re1 Rd3
40. Qe2 Qf5 41. Qa2 $11 1/2-1/2

[Event "European Youth Chess Championship B14"]
[Site "Prague, Top Hotel Prague"]
[Date "2012.08.24"]
[Round "8.42"]
[White "Shahaliyev, Ismayil"]
[Black "Kula, Dominik"]
[Result "1-0"]
[WhiteElo "1954"]
[BlackElo "1794"]
[PlyCount "89"]
[EventDate "2012.08.17"]

1. e4 e6 2. d4 d5 3. Nc3 Nf6 4. exd5 exd5 5. Bg5 Bb4 6. Bd3 O-O 7. Nge2 c5 8.
dxc5 h6 9. Bh4 Nbd7 10. O-O g5 11. Bg3 Nxc5 12. Nb5 Nxd3 13. Qxd3 Bg4 14. Nbd4
Re8 15. f3 Be6 16. Rad1 Bc5 17. Kh1 Qb6 18. Nb3 Bd6 19. Bxd6 Qxd6 20. Ng3 Rad8
21. Nd4 Qa6 22. Qd2 Qxa2 23. Ra1 Qc4 24. Rxa7 Nh5 25. Rfa1 Nxg3+ 26. hxg3 Bc8
27. c3 Re7 28. g4 Rde8 29. R7a4 Qc7 30. Ra5 Qg3 31. Rf1 b6 32. Raa1 Kg7 33. Kg1
Re5 34. Qf2 Qf4 35. Rfe1 f6 36. Nc6 Rxe1+ 37. Rxe1 Rxe1+ 38. Qxe1 Qd6 39. Nd4
Qe5 40. Qe2 Bd7 41. Kf2 Kf7 42. Qd3 Kg7 43. Qa6 Qc7 44. Qa8 Qf4 45. Qa7 1-0

[Event "European Youth Chess Championship B14"]
[Site "Prague, Top Hotel Prague"]
[Date "2012.08.24"]
[Round "8.45"]
[White "Santos Ruiz, Miguel"]
[Black "Lappalainen, Matias"]
[Result "1-0"]
[WhiteElo "2069"]
[BlackElo "1870"]
[PlyCount "57"]
[EventDate "2012.08.17"]

1. e4 e5 2. Nf3 Nf6 3. Nxe5 d6 4. Nf3 Nxe4 5. Nc3 Nxc3 6. dxc3 Be7 7. Be3 Nc6
8. Qd2 Be6 9. O-O-O O-O 10. h4 Bf6 11. Ng5 Bxa2 12. Qd3 g6 13. b3 a5 14. Nxh7
Ne5 15. Nxf6+ Qxf6 16. Qd4 a4 17. Kb2 axb3 18. cxb3 Bxb3 19. Kxb3 Qe6+ 20. Qd5
Qe8 21. Bb5 Qb8 22. Be2 Rd8 23. f4 Nc6 24. h5 Ne7 25. Qg5 Re8 26. Qf6 c5 27. h6
Ra3+ 28. Kxa3 Qa7+ 29. Kb2 1-0

[Event "European Youth Chess Championship B14"]
[Site "Prague, Top Hotel Prague"]
[Date "2012.08.24"]
[Round "8.46"]
[White "Kiss, Balint"]
[Black "Goldobin, Aleksei"]
[Result "1-0"]
[WhiteElo "1840"]
[BlackElo "2041"]
[PlyCount "147"]
[EventDate "2012.08.17"]

1. e4 d5 2. exd5 Nf6 3. Bb5+ Nbd7 4. c4 e6 5. dxe6 fxe6 6. d4 c6 7. Ba4 e5 8.
Nf3 exd4 9. Nxd4 Nb6 10. Bb3 Bc5 11. Be3 O-O 12. O-O Rf7 13. Nc2 Rd7 14. Qf3
Rd3 15. Ne1 Bg4 16. Qg3 Rxe3 17. fxe3 Be2 18. Rf5 Ne4 19. Qf4 Qe7 20. Nc2 Bd3
21. Nd4 Nf6 22. Re5 Qd6 23. Ne6 Re8 24. Nxc5 Qxe5 25. Qxe5 Rxe5 26. Nxd3 Rxe3
27. Bc2 Ng4 28. h3 Ne5 29. Nxe5 Rxe5 30. Nc3 Nxc4 31. Bb3 b5 32. a4 a6 33.
Bxc4+ bxc4 34. Rd1 Kf7 35. Rd7+ Kf8 36. Rc7 Re1+ 37. Kf2 Rc1 38. Rb7 Rc2+ 39.
Kf3 h5 40. Rb4 Ke7 41. Rxc4 Kd7 42. Rb4 Kd6 43. Rb7 a5 44. Nd1 Rc4 45. b3 Rd4
46. Ne3 Rd3 47. Ke4 Rc3 48. Kd4 Rc1 49. Nc4+ Ke6 50. Rxg7 Rb1 51. Nxa5 h4 52.
Rg4 Rb2 53. Kc3 Rb1 54. Rxh4 Rg1 55. Rg4 Kd7 56. Rg6 Rc1+ 57. Kb2 Rc5 58. Nxc6
Rxc6 59. Rxc6 Kxc6 60. h4 Kd5 61. h5 Ke6 62. a5 Kf5 63. a6 Kg5 64. a7 Kxh5 65.
a8=Q Kg5 66. Qf8 Kg4 67. b4 Kg5 68. b5 Kg4 69. b6 Kg3 70. Qf3+ Kh4 71. b7 Kg5
72. b8=Q Kh6 73. Qbf8+ Kh7 74. Q3f5# 1-0

[Event "European Youth Chess Championship B14"]
[Site "Prague, Top Hotel Prague"]
[Date "2012.08.24"]
[Round "8.47"]
[White "Morozov, Nichita"]
[Black "Gavrilov, Mikhail"]
[Result "0-1"]
[WhiteElo "2002"]
[BlackElo "1857"]
[PlyCount "62"]
[EventDate "2012.08.17"]

1. d4 e6 2. Nf3 d5 3. c4 c6 4. Nc3 f5 5. Bf4 Nf6 6. e3 Bb4 7. Qb3 Bd6 8. Bd3
Bxf4 9. exf4 Ne4 10. O-O O-O 11. Rfe1 Kh8 12. cxd5 exd5 13. Ne5 Nd7 14. f3 Nxe5
15. fxe5 Ng5 16. Ne2 Ne6 17. f4 Qb6 18. Qxb6 axb6 19. a4 Bd7 20. b4 c5 21. bxc5
bxc5 22. dxc5 Bxa4 23. Rec1 g6 24. Ra3 Bc6 25. Rac3 Ra2 26. h3 Rd2 27. Ra3 g5
28. g4 gxf4 29. gxf5 f3 30. fxe6 fxe2 31. Re1 Rd1 0-1

[Event "European Youth Chess Championship B14"]
[Site "Prague, Top Hotel Prague"]
[Date "2012.08.24"]
[Round "8.48"]
[White "Zeman, Radek"]
[Black "Taylor, Adam C"]
[Result "0-1"]
[WhiteElo "1794"]
[BlackElo "1962"]
[PlyCount "42"]
[EventDate "2012.08.17"]

1. e4 c5 2. Nf3 d6 3. d4 cxd4 4. Nxd4 Nf6 5. Nc3 g6 6. Be3 Bg7 7. f3 Nc6 8. Qd2
O-O 9. O-O-O d5 10. Qe1 Re8 11. Nxc6 bxc6 12. g4 e6 13. h4 Qa5 14. Kb1 Rb8 15.
Bc1 Nxg4 16. fxg4 Bxc3 17. Qg3 Rb6 18. e5 Ba6 19. h5 Reb8 20. hxg6 Rxb2+ 21.
Bxb2 Rxb2+ 0-1

[Event "European Youth Chess Championship B14"]
[Site "Prague, Top Hotel Prague"]
[Date "2012.08.24"]
[Round "8.49"]
[White "Kavon, Rastislav"]
[Black "Kostka, Vit"]
[Result "1/2-1/2"]
[WhiteElo "1959"]
[BlackElo "1820"]
[Annotator ",Microsoft"]
[PlyCount "81"]
[EventDate "2012.08.17"]

1. e4 c5 2. Nf3 d6 3. d4 cxd4 4. Nxd4 Nf6 5. Nc3 g6 6. Be2 Bg7 7. O-O O-O 8.
Be3 Nc6 9. h3 a6 10. a4 Bd7 11. Qd2 Rc8 12. f4 Na5 13. Rad1 Nc4 14. Bxc4 Rxc4
15. b3 Rc8 16. e5 Ne8 17. Nf3 Bc6 18. Bd4 Bxf3 19. Rxf3 dxe5 20. Bxe5 Qb6+ 21.
Kh1 Nf6 22. Bxf6 Bxf6 23. Nd5 Qc6 24. c4 Kg7 25. Nxf6 exf6 26. Rd3 Rfe8 27. Rd6
Qe4 28. Qd4 Re6 29. Qxe4 Rxe4 30. R1d4 Re3 31. Rb6 Rc7 32. Rd8 h5 33. Kg1 h4
34. Kf2 Ree7 35. Rd3 f5 36. Rbd6 Re4 37. Kf3 Ree7 38. R3d4 Kf8 39. Rd8+ Kg7 40.
R8d6 Kf8 41. Rd8+ $11 1/2-1/2

[Event "European Youth Chess Championship B14"]
[Site "Prague, Top Hotel Prague"]
[Date "2012.08.24"]
[Round "8.50"]
[White "Monteriano, Eran"]
[Black "Thorgeirsson, Jon Kristinn"]
[Result "1-0"]
[WhiteElo "1947"]
[BlackElo "1747"]
[PlyCount "71"]
[EventDate "2012.08.17"]

1. e4 e5 2. Nf3 Nc6 3. Bb5 a6 4. Ba4 f5 5. d3 Nf6 6. O-O Bc5 7. Bb3 Qe7 8. Nc3
d6 9. a3 f4 10. Nd5 Nxd5 11. exd5 Nd8 12. d4 Ba7 13. dxe5 O-O 14. Re1 Kh8 15.
Bd2 a5 16. Bc3 Bg4 17. h3 Bxf3 18. Qxf3 a4 19. Bc4 Nf7 20. exd6 Qxd6 21. Qg4
Rg8 22. Re4 b5 23. Ba2 Nh6 24. Qg5 Raf8 25. Re6 Qc5 26. Rxh6 Qxf2+ 27. Kh1 Qxc2
28. Re1 f3 29. Bb1 f2 30. Rf1 Qxb1 31. Rxb1 f1=Q+ 32. Rxf1 Rxf1+ 33. Kh2 Bg1+
34. Kg3 Bf2+ 35. Kg4 Be1 36. Rxh7+ 1-0

[Event "European Youth Chess Championship B14"]
[Site "Prague, Top Hotel Prague"]
[Date "2012.08.24"]
[Round "8.51"]
[White "Darnell, Anton"]
[Black "Chistiakov, Mihail"]
[Result "0-1"]
[WhiteElo "1763"]
[BlackElo "1879"]
[PlyCount "96"]
[EventDate "2012.08.17"]

1. d4 d5 2. c4 e6 3. Nc3 c6 4. Nf3 Nf6 5. Bg5 Be7 6. e3 Nbd7 7. cxd5 exd5 8.
Bd3 Ne4 9. Bxe7 Qxe7 10. O-O O-O 11. Rc1 f5 12. Nd2 Rf6 13. Bxe4 fxe4 14. Qb3
Rh6 15. Ncxe4 Qh4 16. h3 Nb6 17. Ng3 Bxh3 18. Nf3 Qf6 19. e4 Bg4 20. e5 Qf4 21.
Ne2 Qf7 22. Ng3 Rf8 23. Nh2 Be6 24. Rc3 Qe7 25. Rf3 Rxf3 26. Nxf3 Bg4 27. Nh2
Qh4 28. Nxg4 Qxg4 29. Qd3 g6 30. b3 Rh4 31. f4 Nc8 32. Qf3 Ne7 33. Kf2 g5 34.
Ke3 Ng6 35. Qxg4 Rxg4 36. Nh5 gxf4+ 37. Nxf4 Nxf4 38. Rxf4 Rxg2 39. e6 Rg6 40.
e7 Re6+ 41. Kf2 Rxe7 42. Rg4+ Rg7 43. Rh4 Rg5 44. Rh6 Kg7 45. Rd6 Rf5+ 46. Ke2
h5 47. Rd7+ Rf7 48. Rxf7+ Kxf7 0-1

[Event "European Youth Chess Championship B14"]
[Site "Prague, Top Hotel Prague"]
[Date "2012.08.24"]
[Round "8.52"]
[White "Kratochvil, Vit 98"]
[Black "Skorepa, Jakub"]
[Result "1-0"]
[WhiteElo "1962"]
[BlackElo "1680"]
[PlyCount "41"]
[EventDate "2012.08.17"]

1. e4 e5 2. Nf3 Nf6 3. Nxe5 d6 4. Nf3 Nxe4 5. Nc3 Nxc3 6. dxc3 Be7 7. Bf4 Bg4
8. Be2 Qd7 9. Qd2 Nc6 10. h3 Bh5 11. O-O-O O-O-O 12. Rhe1 Bf6 13. Kb1 Rhe8 14.
Qc1 Re7 15. g4 Bg6 16. g5 Be5 17. Nxe5 Nxe5 18. Bxe5 Rde8 19. Bg4 Bf5 20. Bxf5
Qxf5 21. Bxg7 1-0

[Event "European Youth Chess Championship B14"]
[Site "Prague, Top Hotel Prague"]
[Date "2012.08.24"]
[Round "8.53"]
[White "O`Donnell, Conor"]
[Black "Suleymanli, Ramazan"]
[Result "0-1"]
[WhiteElo "1955"]
[BlackElo "1750"]
[PlyCount "78"]
[EventDate "2012.08.17"]

1. e4 e6 2. d4 d5 3. Nc3 Nf6 4. Bg5 Be7 5. e5 Nfd7 6. Bxe7 Qxe7 7. f4 a6 8. Nf3
c5 9. dxc5 Nc6 10. Qd2 Nxc5 11. Bd3 b5 12. O-O-O b4 13. Ne2 Nxd3+ 14. cxd3 Qc5+
15. Kb1 a5 16. Rc1 Qb6 17. Ned4 Nxd4 18. Qe3 Kd7 19. Nxd4 Bb7 20. f5 exf5 21.
Rhf1 g6 22. g4 Rac8 23. Rce1 Kc7 24. gxf5 Kb8 25. fxg6 hxg6 26. Rxf7 Rh4 27.
Nf3 Qxe3 28. Rxe3 Rh3 29. d4 g5 30. Re2 Ba6 31. Rd2 g4 32. Ne1 g3 33. hxg3 Rh1
34. Rd1 Bd3+ 35. Ka1 Bc2 36. Rc1 Bg6 37. Rxc8+ Kxc8 38. Rf8+ Kb7 39. a3 b3 0-1

[Event "European Youth Chess Championship B14"]
[Site "Prague, Top Hotel Prague"]
[Date "2012.08.24"]
[Round "8.54"]
[White "Simo, Marian"]
[Black "Zubkov, Vsevolod"]
[Result "1-0"]
[WhiteElo "1760"]
[BlackElo "1928"]
[PlyCount "61"]
[EventDate "2012.08.17"]

1. e4 c5 2. Nf3 d6 3. d4 cxd4 4. Nxd4 Nf6 5. Nc3 a6 6. Be2 e5 7. Nb3 Be7 8. O-O
O-O 9. a4 Be6 10. Be3 Qc7 11. f4 exf4 12. Bxf4 Nc6 13. Kh1 Rfe8 14. Qe1 Bf8 15.
Bd3 Nd7 16. Qg3 Nde5 17. Rad1 g6 18. Nd5 Bxd5 19. exd5 Nxd3 20. Rxd3 Ne5 21.
Rc3 Qd7 22. a5 Bg7 23. Qh4 Rac8 24. Rxc8 Rxc8 25. Bh6 Bxh6 26. Qxh6 Rxc2 27.
Nd4 Rxb2 28. Ne6 Qxe6 29. dxe6 f6 30. e7 Kf7 31. Qf8+ 1-0

[Event "European Youth Chess Championship B14"]
[Site "Prague, Top Hotel Prague"]
[Date "2012.08.24"]
[Round "8.55"]
[White "Molnar, Erno"]
[Black "Schweighoffer, Martin"]
[Result "0-1"]
[WhiteElo "1919"]
[BlackElo "1756"]
[PlyCount "103"]
[EventDate "2012.08.17"]

1. e4 e5 2. Nf3 Nc6 3. Bb5 a6 4. Ba4 Nf6 5. O-O b5 6. Bb3 Bc5 7. a4 Rb8 8. c3
d6 9. d4 Bb6 10. Na3 O-O 11. axb5 axb5 12. Nxb5 Bg4 13. Re1 Bxf3 14. gxf3 exd4
15. cxd4 Bxd4 16. Nxd4 Nxd4 17. Bxf7+ Rxf7 18. Qxd4 Nd7 19. f4 Qh4 20. Ra3 Rbf8
21. b4 Nf6 22. h3 Nh5 23. f5 Rxf5 24. Re2 Kh8 25. Rc2 d5 26. Be3 dxe4 27. Rxc7
R5f6 28. Kf1 Qxh3+ 29. Ke1 Rxf2 30. Bxf2 Qxa3 31. Qxe4 Qa1+ 32. Ke2 Nf4+ 33.
Qxf4 Qb2+ 34. Kf1 Qa1+ 35. Rc1 Qa6+ 36. Qc4 Qf6 37. Qc5 Qf3 38. Rc3 Qh1+ 39.
Ke2 Re8+ 40. Kd2 h6 41. Qd4 Qf1 42. Be3 Qg2+ 43. Kc1 Rf8 44. Rc2 Qf1+ 45. Kb2
Ra8 46. Bc1 Qa6 47. Kb1 Qe6 48. Qc4 Qe7 49. Bb2 Rd8 50. Rc1 Rb8 51. Bc3 Qg5 52.
Qd4 0-1